000 00329nam a22001337a 4500
020 _a978-1-61535-687-4
082 _a030
_bHOI/BRI
100 _aHOIBERG, DALE H
245 _aBRITANNICA REFERENCE ENCYCLOPEDIA
260 _aUNITED STATES
_bBRITANNICA
_c2013
300 _a794
650 _aENCYCLOPEDIA
_zUNITED STATES
942 _cBK
999 _c2190
_d2190